Протоколы Синода за октябрь 1853 года, №№ 158-265

Доступно только в Электронных читальных залах Найти на картеНа карте
RUSMARC
00003459nmc2a22002413x 450
001afedf4d4-2d17-4281-9c15-426b44589a8f
00520241024134712.0
100##$a20240620l18531853k l0rusy0189 ca
1010#$arus
102##$aRU
105##$ay###
1222#$ad
2001#$aПротоколы Синода за октябрь 1853 года, №№ 158-265
$jоктябрь 1853 г.
215##$a882 л.
$d36,5х26 см
251##$cДело
300##$aДело
371##$aДокумент не является опубликованным и широко распространяемым
461#0$1001a4a4e5f7-c8ef-457f-86a9-d9088c4df3d4
$12001
$aКанцелярия Синода
$1251
$cФонд
$1852
$j796
462#0$1001b3c6ee1c-bf85-4e7b-bd21-a97dd8513008
$12001
$aПротоколы Синода
$1251
$cОпись
$1852
$j209
801#0$aRU
$bРГИА
$c20240620
$gRCR
801#1$aRU
$bГлавНИВЦ
$c20240620
$2rusmarc
801#2$aRU
$bПБ им. Б.Н. Ельцина
$c20241024
$gRCR
$2rusmarc
850##$aРГИА
852##$aРГИА
$eФедеральное казенное учреждение "Российский государственный исторический архив" (РГИА)
$j1127
937##$hРГИА
$d12380054
$aASBIBLIO_SCAN
035##$aRusGRCC00078194
856##$uhttp://readingroom.main.prlib.ru/item.aspx?id_node=n194530234&mode=full
Формат отображения